| 000 | nam a22 a 4500 | ||
|---|---|---|---|
| 999 |
_c374886 _d374886 |
||
| 003 | BLK | ||
| 005 | 20200714121028.0 | ||
| 008 | 180412b bul|||||r ||||||| ||bul|| | ||
| 040 | _aBLK | ||
| 041 |
_aBUL _cBUL |
||
| 080 |
_aТрудово законодателство. Работническо законодателство. Социално законодателство _b351.83 _x:331.1(497.2)(094.9) _z351.83:331.1(497.2)(094.9) |
||
| 100 | 1 |
_aТрендафилов, Йордан Рачев _eпърви автор _9245914 |
|
| 139 | _aТрендафилов, Йордан Рачев | ||
| 245 | 1 | 0 |
_aПредставителност и правила в тристранното сътрудничество : _bКомент. и сб. нормат. и др. актове по тристр. сътрудничество _cЙордан Рачев Трендафилов |
| 257 | _aBGR | ||
| 260 |
_aСофия _bДикта-Интелект _c1994 |
||
| 300 |
_a64 с. _c22 см |
||
| 380 | _a3 | ||
| 490 | 1 | _aБиблиотека Трудово право | |
| 490 | 1 |
_aКонсултации по новата трудово-правна уредба _v1 |
|
| 650 | 4 |
_aКодекс на труда - България - коментар _9245211 |
|
| 852 | _aЦб 177794 | ||
| 856 | 4 |
_qpdf _u |
|
| 856 | 4 |
_qpdf _u |
|
| 942 |
_cKNG _n0 _s1 |
||
| 944 |
_aCR _c2020-07-14 _kВК |
||